Fragen aus der Wissenschaft - Buchstabe G - Statistiken

Allgemein
  • Dieses Quiz wurde 145 mal gespielt
  • Das Durchschnittsergebnis liegt bei 12 aus 20
Antwortstatistiken
Hinweis Antwort % Korrekt
Große Ansammlung von Sternen, z. B. Milchstraße Galaxie
96%
Mathematik, Lehre von Formen und Räumen Geometrie
96%
Organ, Steuerzentrale des Körpers von Wirbeltieren Gehirn
92%
Deutscher Erfinder des Buchdrucks Johannes Gutenberg (Gensfleisch)
92%
Wissenschaft von der Vererbung Genetik
90%
Wissenschaft der deutschen Sprache und Literatur Germanistik
86%
Italienischer Universalgelehrter und Astronom Galileo Galilei
85%
Infektion der Atemwege durch Influenza-Viren Grippe
85%
Grundkraft der Physik, Anziehungskraft von Massen Gravitation
66%
Entwickler eines Messgerätes für Radioaktivität Hans Geiger
65%
"Klebereiweiß" in Getreidesorten, z. B. im Weizen Gluten
64%
Deutscher Dichter und Naturforscher, Farbenlehre Johann Wolfgang von Goethe
58%
Deutscher Mathematiker, statistische Verteilung Carl Friedrich Gauß
56%
Produkt der Photosynthese aus Wasser und CO2 Glukose
46%
Befasst sich mit Erkrankungen des Magen-Darm-Trakts Gastroenterologie
33%
Größter Mond des Sonnensystems Ganymed
31%
Werkstoff, vulkanisiertes Elastomer Gummi
25%
Wissenschaft von Eis, Schnee und Gletschern Glaziologie
19%
Italienischer Arzt, Froschschenkel-Experimente Luigi Galvani
15%
Deutscher Erfinder, Magdeburger Halbkugeln Otto von Guericke
5%
Keine übereinstimmenden Quizze gefunden
Verteilung der Resultate
Anzahl Personen mit jedem Resultat
Perzentil nach korrekt beantworteten Fragen
Ihre Resultats-Entwicklung
Sie haben dieses Quiz noch nicht gespielt